|
|
|
|
| LEADER |
00727pam a22002418a 4500 |
| 001 |
00022981 |
| 005 |
20171026081022.0 |
| 008 |
110608s2007 ||||||Engsd |
| 020 |
# |
# |
|a 0-324-42350-0
|
| 041 |
0 |
# |
|a Eng
|
| 082 |
1 |
4 |
|a 330
|b PR300N
|
| 100 |
1 |
# |
|a Mankiw, N. Gregory
|q N. Gregory Mankiw
|
| 245 |
1 |
0 |
|a Principles of economics
|
| 250 |
# |
# |
|a 4th ed
|
| 260 |
# |
# |
|a Manson, OH
|b Thomson/South-Western
|c 2007
|
| 300 |
# |
# |
|a 896 p.
|b ill.
|c 27 cm.
|
| 490 |
# |
# |
|a International student ed.
|
| 650 |
# |
4 |
|a Economics
|
| 650 |
# |
4 |
|a Kinh tế học
|
| 852 |
# |
# |
|b Kho đọc
|j KD.0008011
|
| 852 |
# |
# |
|j KD.0008011
|
| 910 |
0 |
# |
|a Anh Thư
|d 08/06/2011
|
| 980 |
# |
# |
|a Trung tâm Học liệu Lê Vũ Hùng, Trường Đại học Đồng Tháp
|